Liderazgo: teoría, aplicación y desarrollo de habilidades (Registro nro. 11222)
[ vista simple ]
| 000 -Cabecera | |
|---|---|
| Campo de control de longitud fija | 01394ntm a22004577a 4500 |
| 005 - Fecha y hora de la última transacción | |
| Campo de control | 20250812164801.0 |
| 008 - Elementos de longitud fija--Información general | |
| Campo de control de longitud fija | 150317b2016 xxu||||| |||| 00| 0 spa d |
| 020 ## - International Standard Book Number | |
| Número Internacional Estándar del Libro (ISBN) | 9786074813814 |
| 041 ## - Idioma | |
| Código de idioma | Español |
| 082 ## - Clasificación Decimal Dewey | |
| Número de clasificación | 658.409.2 L972l6 |
| 100 ## - Entrada principal--Autor personal | |
| Nombre personal | Lussier, Robert |
| 9 (RLIN) | 7528 |
| 100 ## - Entrada principal--Autor personal | |
| Nombre personal | Achua, Christopher F |
| 9 (RLIN) | 7529 |
| 245 ## - Título propiamente dicho | |
| Título | Liderazgo: teoría, aplicación y desarrollo de habilidades |
| 250 ## - Edición | |
| Mención de edición | 6 edición |
| 260 ## - Pie de imprenta | |
| Lugar de publicación, distribución, etc. | México |
| 260 ## - Pie de imprenta | |
| Nombre del editor, distribuidor, etc. | Cengage Learning |
| 260 ## - Pie de imprenta | |
| Fecha de publicación, distribución, etc. | 2016 |
| 300 ## - Descripción física | |
| Extensión | 497 páginas |
| 490 ## - Serie | |
| Título de la Serie | Dirección y Administración de Empresas |
| 505 ## - Nota de contenido | |
| Nota de contenido | Parte I. Individuos como líderes.<br/>Parte II. Liderazgo de equipo.<br/>Parte III. Liderazgo organizacional. |
| 650 ## - Materia general | |
| Temática (materia general) | LIDERAZGO EJECUTIVO |
| 650 ## - Materia general | |
| Temática (materia general) | HABILIDADES DE LIDERAZGO GERENCIAL |
| 650 ## - Materia general | |
| Temática (materia general) | TEORÍA DEL LIDERAZGO |
| 650 ## - Materia general | |
| Temática (materia general) | LÍDER |
| 650 ## - Materia general | |
| Temática (materia general) | LIDERAZGO ORGANIZACIONAL |
| 650 ## - Materia general | |
| Temática (materia general) | POLÍTICA ORGANIZACIONAL |
| 650 ## - Materia general | |
| Temática (materia general) | COMUNICACIÓN |
| 650 ## - Materia general | |
| Temática (materia general) | COACHING |
| 650 ## - Materia general | |
| Temática (materia general) | MANEJO DE CONFLICTOS |
| 650 ## - Materia general | |
| Temática (materia general) | RETROALIMENTACIÓN |
| 650 ## - Materia general | |
| Temática (materia general) | CULTURA ORGANIZACIONAL |
| 650 ## - Materia general | |
| Temática (materia general) | CREATIVIDAD DEL EQUIPO |
| 650 ## - Materia general | |
| Temática (materia general) | TOMA DE DECISIONES |
| 650 ## - Materia general | |
| Temática (materia general) | LIDERAZGO CARISMÁTICO |
| 650 ## - Materia general | |
| Temática (materia general) | LIDERAZGO ADMINISTRATIVO Y SERVICIAL |
| 650 ## - Materia general | |
| Temática (materia general) | LIDERAZGO ESTRATÉGICO |
| 650 ## - Materia general | |
| Temática (materia general) | REDES SOCIALES |
| 650 ## - Materia general | |
| Temática (materia general) | DIVERSIDAD |
| 650 ## - Materia general | |
| Temática (materia general) | CASOS |
| 942 ## - Punto de acceso adicional KOHA | |
| Tipo de ítem KOHA | Libro |
| Fuente del sistema de clasificación o colocación | Dewey Decimal Classification |
| Signatura completa | Código de barras | Programa Académico | Tipo de ítem |
|---|---|---|---|
| 658.409.2 L972l6 | 23612 | Dirección y Administración de Empresas | Libro |
| 658.409.2 L972l6 | 23613 | Dirección y Administración de Empresas | Libro |
| 658.409.2 L972l6 | 24379 | Dirección y Administración de Empresas | Libro |
| 658.409.2 L972l6 | 24380 | Dirección y Administración de Empresas | Libro |